| 000 | 01333cam a2200313 a 4500 | ||
|---|---|---|---|
| 999 |
_c329647 _d329647 |
||
| 001 | 14362761 | ||
| 003 | NUST | ||
| 005 | 20170516161203.0 | ||
| 008 | 060503s2007 caua b 001 0 eng | ||
| 010 | _a 2006926952 | ||
| 020 | _a8131503291 | ||
| 040 |
_aDLC _cDLC _dDLC |
||
| 050 | 0 | 0 |
_aQD79.I5 _bS58 2007 |
| 082 | 0 | 0 |
_a543 SKO _222 |
| 100 | 1 |
_aSkoog, Douglas A. _9737 |
|
| 245 | 1 | 0 |
_aPrinciples of instrumental analysis. _cDouglas A. Skoog |
| 250 |
_a6th ed. / _bDouglas A. Skoog, F. James Holler, Stanley R. Crouch. |
||
| 260 |
_aAustralia: _bThomson Brooks/Cole, _cc2007. |
||
| 300 |
_axv, 1039 p. : _bill. (some col.) ; _c27 cm. |
||
| 500 | _aP.B | ||
| 504 | _aIncludes bibliographical references and index. | ||
| 650 | 0 |
_aInstrumental analysis _vTextbooks. _9921 |
|
| 700 | 1 |
_aHoller, F. James. _9923 |
|
| 700 | 1 |
_aCrouch, Stanley R. _9924 |
|
| 856 | 4 | 2 |
_3Contributor biographical information _uhttp://www.loc.gov/catdir/enhancements/fy1302/2006926952-b.html |
| 856 | 4 | 2 |
_3Publisher description _uhttp://www.loc.gov/catdir/enhancements/fy1302/2006926952-d.html |
| 856 | 4 | 1 |
_3Table of contents only _uhttp://www.loc.gov/catdir/enhancements/fy1302/2006926952-t.html |
| 906 |
_a7 _bcbc _corignew _d2 _eepcn _f20 _gy-gencatlg |
||
| 942 |
_2ddc _cBK _k543 SKO |
||